• 首页
  • 本馆介绍
  • 公告通知
  • 最新文献
  • 馆藏检索
  • 电子资源
  • 读者导购
  • 参考咨询
  • 我的图书馆
  • 登录
  • 详细信息显示
  • 放入我的书架
  • 预约/预借图书
  • 作者相关作品
  • 分类相关作品
  • 丛书相关作品
  • 出版社相关作品

书目信息

  • 表格格式
  • 工作单格式
  • 卡片格式
题名:
失落的美国梦
    
 
作者: 刘友金 , 毛小平 著
分册:  
出版信息: 北京   人民日报出版社  2014
页数: 245页
开本: 24cm
丛书名:
单 册:
中图分类: D771.23
科图分类:
主题词: 国家行政机关--道德建设--研究--美国
电子资源:
ISBN: 978-7-5115-2625-0
000 01011nam0 2200265 450
001 339585
005 20150608161852.18
010    @a978-7-5115-2625-0@dCNY39.00
100    @a20141202d2014 em y0chiy50 ea
101 0  @achi
102    @aCN@b110000
105    @ay z 000yy
106    @ar
200 1  @a失落的美国梦@Ashi luo de mei guo meng@d= The lost American dream@e斯诺登事件引发美国诚信危机@f刘友金, 毛小平著@zeng
210    @a北京@c人民日报出版社@d2014
215    @a245页@d24cm
330    @a本书从2013年国际社会热点“斯诺登事件”入手, 条分缕析、步步深入地探讨了斯诺登事件引发的美国诚信体系危机、美国梦的失落以及美国的必然衰落。
510 1  @aLost American dream@zeng
517 1  @a斯诺登事件引发美国诚信危机@Asi nuo deng shi jian yin fa mei guo cheng xin wei ji
606 0  @a国家行政机关@x道德建设@x研究@y美国
690    @aD771.23@v5
701  0 @a刘友金@Aliu you jin@f(1963-)@4著
701  0 @a毛小平@Amao xiao ping@f(1971-)@4著
801  0 @aCN@b卓展宏图@c20150525
905    @dD771.23@e376@f4
    
    失落的美国梦= The lost American dream:斯诺登事件引发美国诚信危机/刘友金, 毛小平著.-北京:人民日报出版社,2014
    245页;24cm
    
    
    ISBN 978-7-5115-2625-0:CNY39.00
    本书从2013年国际社会热点“斯诺登事件”入手, 条分缕析、步步深入地探讨了斯诺登事件引发的美国诚信体系危机、美国梦的失落以及美国的必然衰落。
●
相关链接 在E读中查询图书 在五车中查询图书 在当当中查询图书 在豆瓣中查询图书


正题名:失落的美国梦     索取号:D771.23/376         预约/预借

序号 登录号 条形码 馆藏地/架位号 状态 备注
1 863266   208632666   第一样本阅览室/ [索取号:D771.23/376] 在馆    
2 863267   208632675   第一借阅区/ [索取号:D771.23/376] 在馆    
3 863268   208632684   第一借阅区/ [索取号:D771.23/376] 在馆    
4 863269   208632693   密集书库-史法系/ [索取号:D771.23/376] 在馆    
唐山师范学院图书馆 欢迎您!
大连网信软件有限公司© 版权所有